000 00886nam a2200241Ia 4500
003 OSt
005 20221005113141.0
006 a|||||r|||| 00| 0
007 ta
008 221004b |||||||| |||| 00| 0 pan d
020 _a9788182991804 (hbk)
_cINR 200.00
024 _a38519
037 _b1020, 30/01/2018, H.K. Prakashan
_cTextual
040 _aCRL
_cCRL
_bpan
041 _2pan
_apan
082 _aQ8441:25:g, 153N2;Q7
100 _aਸਿੰਘ, ਗੁਰਚਰਨ, ਂਚ.
245 0 _aਗੁਰਬਾਣੀ ਦੀ ਰਹਾਉ Fਾਸਤਰ
260 _aਨਵੀ੍ਵ
_bਦਿੱਲੀ ਆਰਸੀ ਪਬਲਿFਰਗ਼ ਭਾਰਤ
_c2017
650 _aਸਿੱਖ ਧਰਮ
_9156314
942 _hQ8441:25:g, 153N2;Q7
_cTEXL
_2cc
999 _c1027201
_d1027201